000 00379nam a2200169Ia 4500
001 15346
003 IN-NITTTR
005 20251114233144.0
008 251113s9999||||xx |||||||||||||| ||eng||
040 _beng
040 _cIN-NITTTR
041 _aeng
082 _a823 W646P
100 _aWilde, Oscar
245 0 _aPicture of Dorian Gray. /
_cWilde, Oscar
942 _2ddc
_cBK
999 _c17980
_d17980